[Event "SVK-chT 9899"]
[Site "Slovakia"]
[Date "1999.??.??"]
[Round "8"]
[White "Podoba, Milan"]
[Black "Brestak, K."]
[Result "0-1"]
[WhiteElo "2060"]
[BlackElo "2195"]
[PlyCount "34"]
[EventDate "1998.??.??"]
[EventType "team"]
[EventRounds "11"]
[EventCountry "SVK"]
[SourceTitle "EXT 2000"]
[Source "ChessBase"]
[SourceDate "1999.11.16"]
[SourceVersion "1"]
[SourceVersionDate "1999.11.16"]
[SourceQuality "1"]

1. e4 e5 2. Nf3 Nc6 3. Bb5 f5 4. d4 fxe4 5. Nxe5 Nxe5 6. dxe5 c6 7. Nc3 Qe7 8. 0-0 Qxe5 9. Nxe4 Qxb5 10. Nd6+ Bxd6 11. Qxd6 Kf7 12. Re1 Qd5 13. Qc7 Nf6 14. b3 Re8 15. Ba3 Qd4 16. Rab1 b5 17. h3 b4 0-1